000 00443nam a2200133 4500
999 _c13989
_d13989
008 190724b ||||| |||| 00| 0 eng d
082 _aDPer 050 T48 Apr-June 2016 v. 187 n. 12-24
100 _aFey, Tina.
_938933
245 _aRonda Rousey:
_bthe undaunted/
_cTina Fey.
260 _aHong Kong:
_bTime Asia,
_cc2016.
300 _av187 n16-17, pages 88-89:
_billustrations;
_c27 cm.
650 _aAthlete
_xFighter.
_938934
942 _2ddc
_cPER